MARC

Tag First Indicator Second Indicator Subfields
LEADER 00000cam a2200000 i 4500
001 in00005759721
005 20260407210642.1
006 m o d
007 cr cnu|||unuuu
008 151014s2016 enk ob 001 0 eng d
019 |a 925977975  |a 929521767  |a 1066631811  |a 1088958125  |a 1228588324 
020 |a 9780124171725  |q (electronic bk.) 
020 |a 0124171729  |q (electronic bk.) 
020 |z 9780124171534 
020 |z 0124171532 
035 |a (OCoLC)924207877  |z (OCoLC)925977975  |z (OCoLC)929521767  |z (OCoLC)1066631811  |z (OCoLC)1088958125  |z (OCoLC)1228588324 
040 |a N$T  |b eng  |e rda  |e pn  |c N$T  |d IDEBK  |d YDXCP  |d N$T  |d OPELS  |d OCLCO  |d OCLCF  |d OCLCO  |d CDX  |d EBLCP  |d OCLCO  |d DEBSZ  |d OCLCQ  |d U3W  |d D6H  |d WYU  |d VT2  |d OCLCQ  |d OCLCO  |d OCLCQ  |d OCLCO  |d OCLCL  |d SXB  |d OCLCQ  |d OCLCO  |d OCLCQ  |d OCLCL  |d OCLCQ 
049 |a TXAM 
050 4 |a TA418.9.C6  |b W36 2016eb 
072 7 |a TEC  |x 009000  |2 bisacsh 
072 7 |a TEC  |x 035000  |2 bisacsh 
082 0 4 |a 620.1/18  |2 23 
100 1 |a Wang, Chun Hui  |c (Principal research scientist),  |e author.  |1 https://id.oclc.org/worldcat/entity/E39PCjDfHXdVWMXwVJRpKYQ6rq 
245 1 0 |a Bonded joints and repairs to composite airframe structures /  |c Chun H. Wang, Cong N. Duong. 
264 1 |a London :  |b Academic Press is an imprint of Elsevier,  |c [2016] 
300 |a 1 online resource (x, 295 pages) 
336 |a text  |b txt  |2 rdacontent 
337 |a computer  |b c  |2 rdamedia 
338 |a online resource  |b cr  |2 rdacarrier 
504 |a Includes bibliographical references and index. 
588 0 |a Vendor-supplied metadata. 
505 0 |a Front Cover; Bonded Joints and Repairs to Composite Airframe Structures; Copyright; Contents; Preface; References; Part 1: Analysis and design; Chapter 1: Introduction and overview; 1.1. Aim of Book; 1.2. Criticality of Structure and Damage; 1.3. Types of Composite Repairs and Certification Criteria; 1.4. Overview of Repair Design and Analysis Process; 1.5. Effect of Load Attraction in Patch Design; 1.6. Effect of Taper and Scarf Ratios on Joint Design; 1.6.1. Safe-Life Approach; 1.6.2. Damage Tolerance Approach; 1.6.3. Stepped Repairs; 1.7. Summary; References; Chapter 2: Failure criteria 
505 8 |a 2.1. Introduction2.2. Adhesive Failure Criteria; 2.2.1. Failure Criteria for Brittle Adhesives; 2.2.2. Failure Criteria for Ductile Adhesives; 2.3. Composite Failure Criteria; 2.3.1. Intralamina Failure Criteria; 2.3.1.1. Maximum stress or strain failure criteria; 2.3.1.2. Tsai-Hill and Tsai-Wu failure criteria; 2.3.1.3. Hashin failure criteria; 2.3.1.4. Larc03 criteria; 2.3.2. Interlaminar Failure Criteria; 2.4. Summary; References; Chapter 3: Doubler joint analysis; 3.1. Introduction; 3.2. Untapered doublers and joints; 3.2.1. Two-Sided Doublers and Double Strap Joints 
505 8 |a 3.2.1.1. Elastic Analysis for Adhesive Shear3.2.1.2. Elastic-Plastic Analysis for Adhesive Shear; 3.2.1.3. Uncoupled Analysis of Adhesive Peel; 3.2.2. One-Sided Doublers and Single Strap Joints; 3.3. Tapered doublers and joints; 3.3.1. Solution for Nonlinear Moment Distribution Along the Joint; 3.3.2. Elastic Solution for Adhesive Peel and Shear; 3.3.2.1. Multisegment Method of Integration; 3.3.3. Elastic-Plastic Solution for Adhesive Peel and Shear; 3.3.4. Effect of Adherent Shear Deformation; 3.3.5. Numerical Examples; 3.4. Summary; References 
505 8 |a Chapter 4: Design of scarf and doubler-scarf joints4.1. Introduction; 4.2. Scarf joint of homogeneous adherends; 4.2.1. Constant-Angle Scarf; 4.2.2. Optimum Angle of Scarf Between Dissimilar Materials; 4.3. Composite scarf joint; 4.3.1. Identical Adherends with Constant-Angle Scarf; 4.3.2. Elasto-Plastic Stress Analysis of Scarf Joints; 4.4. Experiments and validation; 4.4.1. Room Temperature Dry Condition; 4.4.2. Hot Wet Condition; 4.5. Doubler-scarf joints; 4.6. Conclusions; References; Chapter 5: Disbond and damage tolerance analysis of doubler repairs; 5.1. Introduction 
505 8 |a 5.2. Analytical methods for delamination analysis5.2.1. VCCT by FE Method; 5.2.2. Crack Tip Element Approach; 5.2.2.1. Davidson's crack tip element approach; 5.2.2.2. Wang and Qiao crack tip element approach; 5.2.3. Cohesive Zone Model; 5.2.3.1. 1D cohesive zone model; 5.2.3.2. 2D cohesive zone model; 5.3. Analytical methods for disbond analysis; 5.4. Fatigue damage accumulation model for predicting interlaminar failure and disbond; 5.5. Summary; References; Chapter 6: Damage tolerance and fatigue durability of scarf joints; 6.1. Introduction; 6.2. Impact Damage of Scarf Joints and Repairs 
650 0 |a Fibrous composites. 
650 0 |a Airframes  |x Design and construction. 
650 6 |a Composites à fibres. 
650 7 |a fibrous composite.  |2 aat 
650 7 |a TECHNOLOGY & ENGINEERING  |x Engineering (General)  |2 bisacsh 
650 7 |a TECHNOLOGY & ENGINEERING  |x Reference.  |2 bisacsh 
650 7 |a Airframes  |x Design and construction  |2 fast 
650 7 |a Fibrous composites  |2 fast 
655 7 |a Electronic books.  |2 local 
700 1 |a Duong, Cong N.,  |e author.  |1 https://id.oclc.org/worldcat/entity/E39PCjGgyBP3GcqQyvc7jhW79C 
710 2 |a ScienceDirect (Online service) 
776 0 8 |i Print version:  |a Wang, Chun Hui.  |t Bonded Joints and Repairs to Composite Airframe Structures.  |d Saint Louis : Elsevier Science, ©2015 
856 4 0 |u http://proxy.library.tamu.edu/login?url=https://www.sciencedirect.com/science/book/9780124171534  |z Connect to the full text of this electronic book  |t 0 
955 |a Elsevier ScienceDirect 2026-2027 
994 |a 92  |b TXA 
999 f f |s ec149a85-6079-4881-966f-04de1f8e5943  |i 14c8e56c-e41c-4ce4-a013-18052f54aacd  |t 0 
952 f f |a Texas A&M University  |b College Station  |c Electronic Resources  |s www_evans  |d Available Online  |t 0  |e TA418.9.C6 W36 2016eb  |h Library of Congress classification 
998 f f |a TA418.9.C6 W36 2016eb  |t 0  |l Available Online